000 00351nam a2200169Ia 4500
100 _aPillai/S.O
650 _aPhysics
250 _a6
942 _cBK
366 _f20
654 _asolid
245 _aSolid State Physics
260 _bNew Age Int (P) Ltd
_aMumbai
_c2005
082 _a530.41/PIL
_bPIL
300 _a819
546 _aENGLISH
999 _c33213
_d33213